[Event "Ciencias Prueba"]
[Site "Ciencias"]
[Date "2019.??.??"]
[Round "5.8"]
[White "Indo, Raul Eduardo"]
[Black "Lizasu, Juan Ignacio"]
[Result "0-1"]
[WhiteElo "1414"]
[BlackElo "1618"]
[PlyCount "110"]
[EventDate "2019.05.30"]
[EventType "swiss"]
[EventRounds "9"]
[EventCountry "ARG"]
[SourceTitle "EXT 2024"]
[Source "ChessBase"]
[SourceDate "2023.10.10"]
[SourceVersion "1"]
[SourceVersionDate "2023.10.10"]
[SourceQuality "1"]

1. d4 Nf6 2. e3 e6 3. Bd3 b6 4. Nf3 Bb7 5. 0-0 c5 6. c3 Nc6 7. a3 cxd4 8. cxd4 Be7 9. Nbd2 0-0 10. Ne4 Nxe4 11. Bxe4 Ba6 12. Re1 d5 13. Bc2 f5 14. b4 Bc4 15. Bd2 g5 16. h3 Qe8 17. Nh2 Bd6 18. Nf3 Qg6 19. Bc3 Qf6 20. Bd3 g4 21. Bxc4 dxc4 22. Nh2 gxh3 23. g3 Qg6 24. Kh1 Rad8 25. Qf3 Ne7 26. Rg1 h5 27. Rae1 Nd5 28. Rc1 Kh7 29. Bd2 b5 30. Qe2 e5 31. Qf1 exd4 32. exd4 Rde8 33. Qxh3 Re2 34. Bf4 Bxf4 35. gxf4 Nxf4 36. Qf3 Qd6 37. Qb7+ Re7 38. Qf3 Qxd4 39. Rcd1 Qe4 40. Qxe4 fxe4 41. Rg5 a6 42. Nf1 Kh6 43. Rc5 Nd3 44. Rc6+ Kg5 45. Rd2 Nxf2+ 46. Kg2 Nd3 47. Ne3 Rf4 48. Rc8 Rg7 49. Kh2 Rf2+ 50. Rxf2 Nxf2 51. Rc5+ Kf4 52. Nd5+ Kf3 53. Ne3 Kxe3 54. Re5 Ng4+ 55. Kg3 Nxe5+ 0-1